La venganza de las sombras /

Guardado en:
Autor Principal: Stine, R.l.
Formato: Libro
Publicado: Argentina : Emecé, 1996
Edición:1a. ed.
Series:Fantasmas de Fear Street, no. 9
Materias:
Etiquetas: Agregar Etiqueta
Sin Etiquetas, Sea el primero en etiquetar este registro!
LEADER 00713nam a22002655a 4500
001 CEM.cems013575
005 20110923164038.0
008 130507s1996##################000#0#####d
003 CEMS
020 |a 9500417170 
082 0 4 |a 813.5 
100 1 |a Stine, R.l. 
245 1 0 |a La venganza de las sombras /  |c R.L. Stine 
250 |a 1a. ed. 
260 |a Argentina :  |b Emecé,  |c 1996 
300 |a 124 p. 
490 0 |a Fantasmas de Fear Street, no. 9 
653 |a Literatura 
653 |a Literatura eeuu 
653 |a Literatura de terror 
653 |a Terror 
653 |a Literatura juvenil 
653 |a Novelas 
653 |a Novelas de terror 
859 |a CEMS  |b BIB. CEMS - 11 de abril  |h 813.5  |i St52-2  |p 26210.11  |t Ej.1